Responses for Show #1382 - Tuesday, September 11, 1990

Game entered from audiorecording. Missing prizes.

Contestants

[<< previous game]

Scott Wolf, a pharmacy technician from Universal City, Texas

Pam Angerer Payne, a full-time student originally from Alhambra, California

Ed Allen, a writer and teacher from Memphis, Tennessee (whose 1-day cash winnings total $12,001)

[next game >>]

Jeopardy! Round responses

ANIMAL GROUPS
SPORTS
HERBS & SPICES
U.S. HISTORY
LAW
FAMOUS TURNERS
    $100 1
a peacock

Scott
    $100 2
(Ed: What is darts?)

horseshoes

Ed
Triple Stumper
    $100 21
mint

Scott
    $100 16
Paul Revere

Scott
    $100 9
jury duty

Ed
    $100 26
(Scott: Who is Katherine Turner?)

Kathleen Turner

EdScott
    $200 4
a fox

Pam
    $200 3
sumo

Ed
    $200 22
(Alex: We have a minute to go.)

parsley

Pam
    $200 17
the Louisiana Purchase

Scott
    $200 10
evidence

Ed
    $600 27
[The end-of-round signal sounds. The song was not reprised going into the break.]

Tina Turner

Ed
    $300 5
a gang

Scott
    $300 6
(1 of) Margaret Court Smith (or Stan Smith)

Scott
    $300 23
poppy seeds

Ed
    $300 18
the Homestead Act

Ed
    $300 11
officer of the court

Scott
    $400 14
(Ed: What is a pod?)

a gam

Ed
Triple Stumper
    $400 7
Wilma Rudolph

Triple Stumper
    $400 24
Hungary

Pam
    $400 19
the Whiskey Rebellion

Pam
    $400 12
(Pam: What is punitive?)

damages

EdPam
    $500 15
an army

Scott
    $500 8
archery

Ed
    $500 25
rosemary

Pam
    $500 20
(Scott: What is the Stamp Act?)

the Intolerable Acts (Coercive Acts)

Scott
Triple Stumper
    $500 13
(Pam: What is the purse?)

impeachment

Pam
Triple Stumper

Scores at the first commercial break (after clue 13):

Ed Pam Scott
$1,300 -$700 $1,000

Scores at the end of the Jeopardy! Round:

Ed Pam Scott
$2,200 $800 $1,300

Double Jeopardy! Round responses

MAN IN SPACE
(Alex: It could also include women in space, of course.)
ART
WORLD GEOGRAPHY
THEATRE
CLASSICAL LITERATURE
GOING TO THE DOGS
    $200 16
the Skylab

Ed
    $200 21
Andy Warhol

Ed
    $200 11
the Pacific

Ed
    $200 25
Waiting for Godot

Scott
    $200 1
(Scott: Who is Homer?)

Aesop

EdScott
    $200 6
panting

Ed
    $400 17
the Space Shuttle

Pam
    $400 22
The Blue Boy

Pam
    $400 12
the equator

Pam
    $400 26
Agatha Christie

Scott
    $400 2
Julius Caesar

Pam
    $400 7
the Dalmatian

Pam
    $600 18
(Scott: What is Edwards Air Force Base?)
(Pam: What is Cape Canaveral?)

from the Moon (Sea of Tranquility)

PamScott
Triple Stumper
    $600 23
(Ed: What is the fife?)
...
(Alex: We have a minute to go.)

the drum

EdScott
    $1,000 13
Calais

Pam
    $600 27
Noël Coward

Pam
    $600 3
the Greeks

Pam
    $600 8
miniature collies (Shetland Sheepdog)

Ed
    $800 19
the European Space Agency

Pam
    $500 24
(Scott: Who is El Greco?)
...
(Alex: The famous Naked Maja.)

Goya

Scott
    $800 14
Palermo

Ed
    $800 28
[The end-of-round signal sounds.]

Cotton

Scott
    $800 4
Juvenal

Scott
    $800 9
dachshunds

Ed
    $1000 20
(Scott: Who is Ed White?)

Neil Armstrong

Scott
Triple Stumper
    $1000 15
(Pam: What is Ecuador?)

Paraguay

EdPam
    $1000 5
Thucydides

Pam
    $1000 10
(Pam: What's a hyena?)

the Basenji

Pam
Triple Stumper

Scores at the end of the Double Jeopardy! Round:

Ed Pam Scott
$5,800 $4,200 $1,800

[wagering suggestions for these scores]

Final Jeopardy! Round responses

RELIGION
(Alex: [Before going to the player responses] People think we had an Irishman as a pope, Cardinal Roncalli.)
...
(Alex: [To Pam] There were 12 Piuses, I believe.)
...
(Alex: [To Ed] There were 23 [*]s and the last one, Pope [*] XXIII, the same time as President Kennedy.)
ScottWhat is Julian?
$1,600
PamWhat is Pius?
$4,000
EdWhat is John?
$2,601
John

Final scores:

Ed Pam Scott
$8,401 $200 $200
2-day champion: $20,402 2nd place 3rd place

Game dynamics:

Coryat scores:

Ed Pam Scott
$5,400 $3,800 $2,300
18 R
(including 1 DD),
3 W
15 R
(including 1 DD),
5 W
13 R,
6 W
(including 1 DD)

Combined Coryat: $11,500

[game clues] [game scores] [suggest correction]

Game tape date: 1990-07-31
The J! Archive is created by fans, for fans. Scraping, republication, monetization, and malicious use prohibited; this site may use cookies and collect identifying information. See terms. The Jeopardy! game show and all elements thereof, including but not limited to copyright and trademark thereto, are the property of Jeopardy Productions, Inc. and are protected under law. This website is not affiliated with, sponsored by, or operated by Jeopardy Productions, Inc. Join the discussion at JBoard.tv.